Darkness rising #2 / Lis Wiehl with Pete Nelson.
Available copies
- 1 of 1 copy available at LARL/NWRL Consortium.
- 1 of 1 copy available at Lake Agassiz Regional Library. (Show preferred library)
Current holds
0 current holds with 1 total copy.
Show Only Available Copies
| Location | Call Number / Copy Notes | Barcode | Shelving Location | Status | Due Date |
|---|---|---|---|---|---|
| Moorhead Public Library | WIE (Text) | 33500010880441 | Main | Available | - |
Record details
- ISBN: 9781595549433
- ISBN: 1595549439
- ISBN: 9781401687861 (IE)
- ISBN: 1401687865 (IE)
- Physical Description: 343 p. ; 25 cm.
- Publisher: Nashville : Thomas Nelson, c2012.
Content descriptions
| Summary, etc.: | Forensic psychiatrist Dani Harris and her partner ... Read More |
Search for related items by subject
| Subject: | Paranormal fiction. Murder > Fiction. Forensic psychiatrists > Fiction. High school students > Fiction. Faith > Fiction. |
| Genre: | Horror fiction. |
Search for related items by series
| LDR | 01733cam a2200409 a 4500 | ||
|---|---|---|---|
| 001 | 147042 | ||
| 003 | LARL_NWRL_CONSORTIUM | ||
| 005 | 20121024123442.0 | ||
| 008 | 120604s2012 tnu 000 1 eng | ||
| 020 | . | ‡a9781595549433 | |
| 020 | . | ‡a1595549439 | |
| 020 | . | ‡a9781401687861 (IE) | |
| 020 | . | ‡a1401687865 (IE) | |
| 035 | . | ‡a(OCoLC)779873097 | |
| 042 | . | ‡apcc | |
| 082 | 0 | 0. | ‡a813/.6 ‡223 |
| 100 | 1 | . | ‡aWiehl, Lis W. ‡0(LARL_NWRL_CONSORTIUM)208109 |
| 245 | 1 | 0. | ‡aDarkness rising ‡n#2 / ‡cLis Wiehl with Pete Nelson. |
| 260 | . | ‡aNashville : ‡bThomas Nelson, ‡cc2012. | |
| 300 | . | ‡a343 p. ; ‡c25 cm. | |
| 490 | 0 | . | ‡aEast Salem trilogy ; ‡vbk. 2 |
| 520 | . | ‡aForensic psychiatrist Dani Harris and her partner Tommy Gunderson continue to investigate the ritual murder of Julie Leonard, last seen alive at a party attended by students from St. Adrian's Academy, an exclusive boys' school in New York's Westchester County. Another death--of an Alzheimer's patient and pious historian, Abbie Gardener, somehow crushed by sucking asphyxiation one night in her room at the school--complicates their inquiry. | |
| 650 | 0. | ‡aParanormal fiction. | |
| 650 | 0. | ‡aMurder ‡vFiction. ‡0(LARL_NWRL_CONSORTIUM)165989 | |
| 650 | 0. | ‡aForensic psychiatrists ‡vFiction. ‡0(LARL_NWRL_CONSORTIUM)169487 | |
| 650 | 0. | ‡aHigh school students ‡vFiction. ‡0(LARL_NWRL_CONSORTIUM)165594 | |
| 650 | 0. | ‡aFaith ‡vFiction. ‡0(LARL_NWRL_CONSORTIUM)169332 | |
| 655 | 7. | ‡aHorror fiction. ‡2gsafd | |
| 700 | 1 | . | ‡aNelson, Peter, ‡d1953- ‡0(LARL_NWRL_CONSORTIUM)93272 |
| 901 | . | ‡a147042 ‡bOCLC ‡c147042 ‡tbiblio | |

Add to basket
Permalink
Disable Highlighting